| 000 | 00675cam a2200205 i 4500 | ||
|---|---|---|---|
| 001 | 49436 | ||
| 005 | 20230410142423.0 | ||
| 008 | 071109b1988 mx a 000 0 spa | ||
| 040 | _aDRFGD | ||
| 041 | 0 | _aspa | |
| 050 | 1 | 4 | _aO25e 1988 |
| 100 | _aOdum, H. T. | ||
| 245 | 0 | 0 |
_ Ecosistemas y politicas públicas : libro traducido y adaptado para la red internet con autorizacion del autor / _cH. T. Odum |
| 260 |
_aMexico: _bEditorial Limusa , _c1988 |
||
| 300 |
_a432 p. _bilustraciones |
||
| 500 | 1 | _aEnvironmental systems and public. | |
| 856 | 4 | 2 |
_3Más?... busque en WorldCat (solo desde FUNGLODE) _uwww.firstsearch.oclc.org/fsip |
| 942 |
_2lcc _cbk |
||
| 946 | 0 | _amfcruz | |
| 999 |
_c95317 _d95317 |
||